[Event "HON-ch qual1"]
[Site "San Pedro Sula"]
[Date "2019.11.21"]
[Round "6"]
[White "Miliam Escobar, David Isaac"]
[Black "Rishmawy, Feisal"]
[Result "1-0"]
[WhiteElo "1790"]
[BlackElo "1557"]
[PlyCount "36"]
[EventDate "2019.11.18"]
[EventType "swiss"]
[EventRounds "7"]
[EventCountry "HON"]
[SourceTitle "EXT 2021"]
[Source "ChessBase"]
[SourceDate "2020.10.23"]
[SourceVersion "1"]
[SourceVersionDate "2020.10.23"]
[SourceQuality "1"]

1. e4 e5 2. Nf3 Nc6 3. d4 exd4 4. Nxd4 Bb4+ 5. c3 Bc5 6. Bc4 Ne5 7. Bb3 d6 8. 0-0 Bg4 9. f3 Bh5 10. Kh1 Nf6 11. Bg5 h6 12. Be3 Nxe4 13. g4 Bxg4 14. fxg4 Qh4 15. Nf5 Qxg4 16. Qxg4 Nxg4 17. Nxg7+ Kf8 18. Bxc5 Nxc5 1-0

[Event "Olympiad-43"]
[Site "Batumi"]
[Date "2018.10.02"]
[Round "8.2"]
[White "Miliam Escobar, David Isaac"]
[Black "Berezovsky, Igor"]
[Result "0-1"]
[WhiteElo "1787"]
[BlackElo "2380"]
[PlyCount "30"]
[EventDate "2018.09.24"]
[EventType "team-swiss"]
[EventRounds "11"]
[EventCountry "GEO"]
[SourceTitle "CBM 187"]
[Source "ChessBase"]
[SourceDate "2018.12.11"]
[SourceVersion "1"]
[SourceVersionDate "2018.12.11"]
[SourceQuality "1"]
[WhiteTeam "Honduras"]
[BlackTeam "Monaco"]
[WhiteTeamCountry "HON"]
[BlackTeamCountry "MNC"]

1. e4 c5 2. Nc3 Nc6 3. d3 g6 4. g3 Bg7 5. Bg2 d6 6. f4 Rb8 7. Rb1 b5 8. Be3 b4 9. Nce2 Qa5 10. b3 Bb7 11. Nc1 Nd4 12. Nge2 Nb5 13. d4 cxd4 14. Bxd4 Bxd4 15. Nxd4 Nc3 0-1